000
00445nam a2200181Ia 4500
008
100917s9999 xx 000 0 und d
082
_b
6509
100
_a
काकोडकर चंद्रकांत
245
_a
अलका
260
_b
---
_c
1962
300
_a
160
365
_b
5
520
_a
कादंबरी
630
_a
अलका
650
_a
कादंबरी
730
_a
अलका
942
_c
BOOK
999
_c
611903
_d
611900